Normal view
MARC view
Entry Término temático
001 - NÚMERO DE CONTROL
- campo de control: 15202
003 - IDENTIFICADOR DEL NÚMERO DE CONTROL
- campo de control: OSt
005 - FECHA Y HORA DE LA ÚLTIMA TRANSACCIÓN
- campo de control: 20200615032509.0
008 - DATOS DE LONGITUD FIJA
- campo de control de longitud fija: 200615|| aca||aabn | a|a d
040 ## - FUENTE DE LA CATALOGACIÓN
- Centro catalogador/agencia de origen: OSt
- Centro/agencia transcriptor: OSt
150 ## - ENCABEZAMIENTO--TÉRMINO DE MATERIA
- Término de materia o nombre geográfico como elemento de entrada: ESPAÑA
- Subdivisión general: CONDICIONES SOCIALES
- Subdivisión cronológica: 1759-1788
670 ## - FUENTE DE DATOS ENCONTRADOS
- Cita de la fuente: Work cat.: (OSt)5158: Andrés-Gallego, José, 1944- 15199, El motín de esquilache, América y Europa /, 2003.
